000 00942nam a2200301 a 4500
003 AR-BaBNM
005 20251128204912.0
008 082120s2002 ||||||||||||||000 | spa||
020 _a950-500-312-9
040 _cAR-BaBNM
100 1 _aAllaria Oriol, Daniel
245 0 0 _aLa educación musical en el jardín materno infantil
_blactantes, deambuladores, sala de 2 años, sala de 3 años, sala de 4 años y preescolar
260 _aBuenos Aires
_bGuadalupe
_c1994
300 _a61 p.
490 0 _aBiblioteca pedagógica. Didáctica musical
500 _aContiene fragmentos de partituras
650 4 _aEDUCACION MUSICAL
650 4 _aLACTANTES
650 4 _aPLANIFICACION ESCOLAR
650 4 _aCANCIONES
650 4 _aJUEGOS EDUCATIVOS
653 _aJARDINES DE INFANTES
653 _aJARDINES MATERNALES
653 _aEDUCACION INICIAL
800 1 _aHemsy de Gainza, Violeta
_edirector
942 _cBK
998 _cGrace
999 _c9267
_d9267